000 00291nam a22001337a 4500
008 210304b ||||| |||| 00| 0 eng d
020 _a9780071621809
041 _aeng
080 _22nd
_a615
100 _a5
101 _aFAR
245 _aPharmacotherapy
_cChisholm,A.M
942 _2udc
_cBK
999 _c55731
_d55731